Equipe de football et de rugby évoluant dans les 3 premières divisions - Statistiques

Statistiques générales
  • Ce quiz a été pris 49 fois
    14 depuis la dernière actualisation
  • Le résultat moyen est 8 sur 10
Statistiques - réponses
Hint Réponse % Correct
Ligue 1 / Top 14 Lyon
100%
Ligue 1 / Top 14 Paris
100%
Ligue 1 / Top 14 Toulouse
100%
Ligue 2 / Top 14 Clermont-Ferrand
93%
Ligue 1 / Top 14 Montpellier
93%
Ligue 2 / Top 14 Pau
93%
Ligue 2 / Pro D2 Grenoble
64%
Ligue 1 / Pro D2 Nice
64%
Ligue 1 / Nationale1 rennes
50%
Nationale 1 / Nationale 1 Rouen
29%
Aucun quiz correspondant
Distribution des résultats
% des personnes avec chaque résultat
Percentile par nombre de réponses
Votre historique - résultats
Vous n’avez pas pris ce quiz depuis la dernière actualisation